[Event "Cuiaba Contaud op"]
[Site "Cuiaba"]
[Date "2022.10.27"]
[Round "4"]
[White "Do Amaral Vailant, Helena Ketheryne"]
[Black "Jesus Filho, Jose Carlos"]
[Result "1-0"]
[WhiteElo "1502"]
[BlackElo "1723"]
[PlyCount "116"]
[EventDate "2022.10.25"]
[EventType "swiss"]
[EventRounds "9"]
[EventCountry "BRA"]
[SourceTitle "EXT 2024"]
[Source "ChessBase"]
[SourceDate "2023.10.10"]
[SourceVersion "1"]
[SourceVersionDate "2023.10.10"]
[SourceQuality "1"]

1. e4 e5 2. Nf3 d5 3. exd5 e4 4. Qe2 Nf6 5. Nc3 Bd6 6. Nxe4 0-0 7. d3 Nxd5 8. Bg5 f6 9. Be3 Bb4+ 10. c3 f5 11. cxb4 fxe4 12. dxe4 Nf6 13. Qc4+ Kh8 14. Rd1 Qe8 15. Bd3 Bg4 16. e5 Be6 17. Qh4 Nh5 18. Ng5 g6 19. 0-0 Nc6 20. Nxe6 Qxe6 21. Qe4 Rad8 22. f4 Ng7 23. b5 Ne7 24. Bc4 Qg4 25. Rxd8 Rxd8 26. Qxb7 Ngf5 27. Bc5 Rd2 28. Bxe7 Nxe7 29. Qf3 Qd7 30. Qc3 Rd4 31. a4 Kg7 32. Be6 Qd8 33. f5 gxf5 34. Bxf5 Nxf5 35. Rxf5 Rd3 36. Qc4 Qd4+ 37. Qxd4 Rxd4 38. e6 Rxa4 39. Rf7+ Kg6 40. Rxc7 Rb4 41. Rxa7 Rxb5 42. e7 Kf7 43. e8Q+ Kxe8 44. Rxh7 Rxb2 45. Kf1 Kf8 46. h3 Kg8 47. Ra7 Kh8 48. Kg1 Kg8 49. Kh2 Rb3 50. h4 Rc3 51. g3 Rc2+ 52. Kh3 Rc1 53. h5 Rc4 54. g4 Rc1 55. Kh4 Rh1+ 56. Kg5 Rc1 57. h6 Rc5+ 58. Kh4 Rc1 1-0

[Event "Matinhos op 6th"]
[Site "Matinhos"]
[Date "2022.09.21"]
[Round "5.14"]
[White "Rogoski, Joao Vitor Ximenes"]
[Black "Jesus Filho, Jose Carlos"]
[Result "1-0"]
[WhiteElo "1496"]
[BlackElo "1744"]
[PlyCount "29"]
[EventDate "2022.09.18"]
[EventType "swiss"]
[EventRounds "7"]
[EventCountry "BRA"]
[SourceTitle "CBM 210 Extra"]
[Source "ChessBase"]
[SourceDate "2022.11.30"]
[SourceVersion "1"]
[SourceVersionDate "2022.11.30"]
[SourceQuality "1"]

1. e4 e5 2. Nf3 d5 3. exd5 e4 4. Qe2 Nf6 5. Nc3 Bb4 6. Nxe4 0-0 7. Nxf6+ gxf6 8. Qc4 Re8+ 9. Kd1 a5 10. c3 b5 11. Qh4 Qxd5 12. cxb4 Re4 13. Qxf6 Bg4 14. d3 Re5 15. Bh6 1-0

[Event "Araruama op 1st"]
[Site "Araruama"]
[Date "2021.06.04"]
[Round "2"]
[White "Jesus Filho, Jose Carlos"]
[Black "Campos, Alexandre Ferreira"]
[Result "0-1"]
[WhiteElo "1767"]
[BlackElo "2047"]
[PlyCount "58"]
[EventDate "2021.06.02"]
[EventType "tourn"]
[EventRounds "6"]
[EventCountry "BRA"]
[SourceTitle "CBM 203 Extra"]
[Source "ChessBase"]
[SourceDate "2021.09.30"]
[SourceVersion "1"]
[SourceVersionDate "2021.09.30"]
[SourceQuality "1"]

1. e4 c5 2. Nf3 Nc6 3. Bc4 e6 4. c3 d5 5. exd5 exd5 6. Bb5 Nf6 7. d4 cxd4 8. Nxd4 Bd7 9. 0-0 Be7 10. Bxc6 bxc6 11. Bf4 0-0 12. Nd2 Re8 13. N2f3 c5 14. Ne2 Bg4 15. Ng3 Qb6 16. b3 Rad8 17. Qc2 Bxf3 18. gxf3 d4 19. Rad1 Nd5 20. Bd2 Qf6 21. cxd4 cxd4 22. Qf5 Qb6 23. Ne4 g6 24. Qh3 Ne3 25. fxe3 dxe3 26. Bxe3 Qxe3+ 27. Kh1 Rxd1 28. Rxd1 f5 29. Rd7 fxe4 0-1

[Event "Caioba Telecom op"]
[Site "Caioba"]
[Date "2018.08.04"]
[Round "7"]
[White "Blau, Emily Camile"]
[Black "Jesus Filho, Jose Carlos"]
[Result "0-1"]
[WhiteElo "1251"]
[BlackElo "1772"]
[PlyCount "84"]
[EventDate "2018.08.01"]
[EventType "swiss"]
[EventRounds "9"]
[EventCountry "BRA"]
[SourceTitle "CBM 186 Extra"]
[Source "ChessBase"]
[SourceDate "2018.08.24"]
[SourceVersion "1"]
[SourceVersionDate "2018.08.24"]
[SourceQuality "1"]

1. d4 g6 2. c4 Bg7 3. Nf3 Nf6 4. Nc3 0-0 5. e4 d6 6. Be2 Bg4 7. 0-0 Nc6 8. e5 dxe5 9. Nxe5 Bxe2 10. Nxe2 Nxe5 11. dxe5 Nd7 12. Bf4 Bxe5 13. Re1 Bxf4 14. Nxf4 e6 15. Qd4 e5 16. Qd2 exf4 17. Qxf4 Nb6 18. Rad1 Qc8 19. c5 Nd7 20. b4 Rd8 21. Re7 Nf6 22. Rxd8+ Qxd8 23. Qe5 Qd1+ 24. Qe1 Qxe1+ 25. Rxe1 Kf8 26. Re3 Rd8 27. g3 Rd2 28. a4 Ng4 29. Rf3 Ne5 30. Rf4 Nd3 31. Rf3 Rd1+ 32. Kg2 Ne1+ 33. Kf1 Nxf3+ 34. Ke2 Rd4 35. Kxf3 Rxb4 36. Ke3 Rxa4 37. Kd3 b6 38. cxb6 cxb6 39. Ke3 Rc4 40. Kd3 b5 41. f4 a5 42. Ke3 a4 0-1

[Event "Caioba Telecom op"]
[Site "Caioba"]
[Date "2018.08.04"]
[Round "8"]
[White "Bueno, Adriano Jose Ferrei"]
[Black "Jesus Filho, Jose Carlos"]
[Result "0-1"]
[WhiteElo "1420"]
[BlackElo "1772"]
[PlyCount "64"]
[EventDate "2018.08.01"]
[EventType "swiss"]
[EventRounds "9"]
[EventCountry "BRA"]
[SourceTitle "CBM 186 Extra"]
[Source "ChessBase"]
[SourceDate "2018.08.24"]
[SourceVersion "1"]
[SourceVersionDate "2018.08.24"]
[SourceQuality "1"]

1. d4 g6 2. e4 Bg7 3. Nf3 d6 4. Nc3 Bg4 5. h3 Bxf3 6. Qxf3 Bxd4 7. Bc4 Bxc3+ 8. Qxc3 e5 9. Qb3 Kf8 10. Bxf7 Kg7 11. Bxg8 Rxg8 12. Be3 b6 13. 0-0-0 Nd7 14. h4 Nc5 15. Bxc5 bxc5 16. Qc3 Rf8 17. f3 Qf6 18. h5 g5 19. h6+ Kg6 20. Kb1 a5 21. a4 Ra7 22. Qc4 Rb8 23. b3 Rab7 24. Qc3 Qe6 25. Rd3 c4 26. Re3 cxb3 27. f4 bxc2+ 28. Kc1 Qa2 29. f5+ Kf6 30. Qxc2 Rb1+ 31. Kd2 Qxc2+ 32. Kxc2 Rxh1 0-1

[Event "Rio de Janeiro Duchamp op U2200"]
[Site "Rio de Janeiro"]
[Date "2017.11.17"]
[Round "4"]
[White "Carvalho, Celestino Jr"]
[Black "Jesus Filho, Jose Carlos"]
[Result "1-0"]
[WhiteElo "1993"]
[BlackElo "1855"]
[PlyCount "104"]
[EventDate "2017.11.11"]
[EventType "swiss"]
[EventRounds "5"]
[EventCountry "BRA"]
[SourceTitle "EXT 2019"]
[Source "ChessBase"]
[SourceDate "2018.10.10"]
[SourceVersion "1"]
[SourceVersionDate "2018.10.10"]
[SourceQuality "1"]

1. Nf3 b6 2. g3 Bb7 3. Bg2 h5 4. h4 d6 5. d3 Nd7 6. e4 e5 7. Nbd2 Nh6 8. Nc4 f5 9. Ng5 Qf6 10. Qxh5+ g6 11. Qe2 0-0-0 12. Bd2 Nc5 13. 0-0-0 Ne6 14. Nxe6 Qxe6 15. Kb1 Nf7 16. Ne3 Kb8 17. exf5 gxf5 18. Bxb7 Kxb7 19. Qf3+ d5 20. Qxf5 Qe7 21. Ng4 Bg7 22. Bg5 Qd7 23. Qxd7 Rxd7 24. f4 Nxg5 25. hxg5 exf4 26. gxf4 Rf8 27. Rdf1 Rdf7 28. Ne3 Rxf4 29. Rxf4 Rxf4 30. Rf1 Rxf1+ 31. Nxf1 Kc6 32. c3 Kd6 33. d4 c5 34. dxc5+ bxc5 35. Kc2 Ke5 36. a4 d4 37. Kd3 dxc3 38. bxc3 Kf5 39. Nd2 Bf8 40. Kc4 Be7 41. Nb3 Bxg5 42. Nxc5 Ke5 43. Kb5 Bh4 44. Kc6 Bg5 45. c4 Be3 46. Kb5 Kd6 47. Nd3 Kc7 48. a5 Kb7 49. a6+ Kc7 50. c5 Bd4 51. Nb4 Bf2 52. Nc6 Be3 1-0

[Event "Santa Catarina op"]
[Site "Icara"]
[Date "2017.06.30"]
[Round "2"]
[White "Woichinevski, Joao Vinicius Peruc"]
[Black "Jesus Filho, Jose Carlos"]
[Result "0-1"]
[WhiteElo "1817"]
[BlackElo "1865"]
[PlyCount "74"]
[EventDate "2017.06.29"]
[EventType "swiss"]
[EventRounds "7"]
[EventCountry "BRA"]
[SourceTitle "CBM 179 Extra"]
[Source "ChessBase"]
[SourceDate "2017.08.23"]
[SourceVersion "1"]
[SourceVersionDate "2017.08.23"]
[SourceQuality "1"]

1. e4 e5 2. Nf3 d5 3. exd5 e4 4. Nd4 Qxd5 5. Nb3 Nf6 6. Nc3 Qe5 7. Qe2 Bd6 8. d3 exd3 9. Qxe5+ Bxe5 10. Bxd3 Bxc3+ 11. bxc3 0-0 12. 0-0 Nc6 13. Ba3 Rd8 14. Rfe1 b6 15. Be7 Nxe7 16. Rxe7 Nd5 17. Be4 Nxe7 18. Bxa8 Bf5 19. Bf3 Bxc2 20. Nd4 Bg6 21. Re1 Kf8 22. h3 c5 23. Nc6 Nxc6 24. Bxc6 f6 25. Re2 Rd3 26. c4 Bf7 27. Bb5 Rd4 28. Rc2 Be8 29. a4 Bxb5 30. axb5 Rd1+ 31. Kh2 Ra1 32. g4 a6 33. bxa6 Rxa6 34. Kg3 Ra4 35. Kf4 b5 36. Kf5 Kf7 37. cxb5 g6# 0-1

[Event "Florianopolis zt 2.4"]
[Site "Florianopolis"]
[Date "2017.04.30"]
[Round "8"]
[White "Predebon, Eduardo Angonesi"]
[Black "Jesus Filho, Jose Carlos"]
[Result "1-0"]
[WhiteElo "1829"]
[BlackElo "1909"]
[PlyCount "39"]
[EventDate "2017.04.26"]
[EventType "swiss"]
[EventRounds "9"]
[EventCountry "BRA"]
[SourceTitle "CBM 178 Extra"]
[Source "ChessBase"]
[SourceDate "2017.06.22"]
[SourceVersion "1"]
[SourceVersionDate "2017.06.22"]
[SourceQuality "1"]

1. e4 g6 2. d4 Bg7 3. Nc3 e5 4. Nf3 Nc6 5. Be3 exd4 6. Nxd4 Nge7 7. Bc4 0-0 8. Qd2 a6 9. 0-0-0 b5 10. Nxc6 Nxc6 11. Bd5 Bb7 12. h4 Na5 13. Bxb7 Bxc3 14. Qxc3 Nxb7 15. Bh6 f6 16. Bxf8 Kxf8 17. Rh3 d6 18. Rf3 Kf7 19. g4 Nc5 20. Qd4 1-0

[Event "Pan American Amateur-ch"]
[Site "Curitiba"]
[Date "2015.12.18"]
[Round "5"]
[White "Jesus Filho, Jose Carlos"]
[Black "Sa, Antonio Villar Marq"]
[Result "1-0"]
[WhiteElo "1892"]
[BlackElo "1965"]
[PlyCount "45"]
[EventDate "2015.12.16"]
[EventType "swiss"]
[EventRounds "9"]
[EventCountry "BRA"]
[SourceTitle "CBM 170 Extra"]
[Source "ChessBase"]
[SourceDate "2016.02.25"]
[SourceVersion "1"]
[SourceVersionDate "2016.02.25"]
[SourceQuality "1"]

1. e4 e5 2. Nf3 Nc6 3. Bc4 Bc5 4. c3 Nf6 5. d3 d6 6. 0-0 0-0 7. Bg5 h6 8. Bh4 Bb6 9. Nbd2 Be6 10. Bb5 g5 11. Nxg5 hxg5 12. Bxg5 Kg7 13. Qf3 Rh8 14. Kh1 Rxh2+ 15. Kxh2 Ng4+ 16. Qxg4 Bxg4 17. Bxd8 Rxd8 18. Bxc6 bxc6 19. f3 Be6 20. Nc4 Bxc4 21. dxc4 Rh8+ 22. Kg3 Be3 23. Rh1 1-0

[Event "Pan American Amateur-ch"]
[Site "Curitiba"]
[Date "2015.12.16"]
[Round "1"]
[White "Caribe Santos, Luiz Carlos"]
[Black "Jesus Filho, Jose Carlos"]
[Result "0-1"]
[WhiteElo "1554"]
[BlackElo "1892"]
[PlyCount "80"]
[EventDate "2015.12.16"]
[EventType "swiss"]
[EventRounds "9"]
[EventCountry "BRA"]
[SourceTitle "CBM 170 Extra"]
[Source "ChessBase"]
[SourceDate "2016.02.25"]
[SourceVersion "1"]
[SourceVersionDate "2016.02.25"]
[SourceQuality "1"]

1. d4 g6 2. Nf3 Bg7 3. e4 d6 4. Be3 Bg4 5. h3 Bxf3 6. Qxf3 Nd7 7. Bc4 Ngf6 8. g4 0-0 9. h4 e5 10. d5 Nb6 11. Bd3 Qd7 12. Be2 c6 13. c4 cxd5 14. cxd5 Qa4 15. Nc3 Qb4 16. Rb1 Rac8 17. a3 Qa5 18. Bd2 Nc4 19. Bxc4 Rxc4 20. g5 Nh5 21. Ne2 Qb6 22. Bc3 f5 23. gxf6 Nxf6 24. Qe3 Qxe3 25. fxe3 Rxe4 26. Bb4 Nxd5 27. Bxd6 Rd8 28. Bc5 b6 29. Bb4 Rxe3 30. Kf2 a5 31. Bc3 Rf8+ 32. Ke1 Nf4 33. Rh2 Bh6 34. Rd1 Nd3+ 35. Rxd3 Rxd3 36. Rf2 Bd2+ 37. Bxd2 Rxf2 38. Kxf2 Rxd2 39. b4 axb4 40. axb4 Rb2 0-1

[Event "Cuiaba Contaud op"]
[Site "Cuiaba"]
[Date "2015.08.02"]
[Round "6"]
[White "Jesus Filho, Jose Carlos"]
[Black "Silva, Valdecir Batista"]
[Result "0-1"]
[WhiteElo "1957"]
[BlackElo "1773"]
[PlyCount "90"]
[EventDate "2015.07.31"]
[EventType "swiss"]
[EventRounds "6"]
[EventCountry "BRA"]
[SourceTitle "EXT 2016"]
[Source "ChessBase"]
[SourceDate "2015.10.08"]
[SourceVersion "1"]
[SourceVersionDate "2015.10.08"]
[SourceQuality "1"]

1. e4 d6 2. Nf3 Nf6 3. c3 g6 4. Bc4 Bg7 5. Ng5 0-0 6. d3 c6 7. f4 d5 8. exd5 cxd5 9. Bb3 h6 10. Nf3 Nc6 11. 0-0 Bg4 12. h3 Bxf3 13. Qxf3 e6 14. Nd2 a5 15. g4 Nd7 16. d4 b5 17. f5 a4 18. Bc2 g5 19. Qg3 e5 20. dxe5 Bxe5 21. Qg2 Nc5 22. Nf3 f6 23. h4 Kg7 24. Be3 Qe7 25. Nxe5 Nxe5 26. Qxd5 Rac8 27. hxg5 hxg5 28. Bxg5 fxg5 29. Rae1 Ncd7 30. Qe4 Rf6 31. Qe3 Qc5 32. Kg2 Qxe3 33. Rxe3 Nxg4 34. Re7+ Rf7 35. Rfe1 Ngf6 36. Bd3 Rc5 37. b3 axb3 38. axb3 Rd5 39. R7e3 Nh5 40. Bb1 Ndf6 41. c4 bxc4 42. bxc4 Rd2+ 43. Kf1 Ng4 44. R3e2 Nh2+ 45. Kg1 Nf3+ 0-1

[Event "Cuiaba Contaud op"]
[Site "Cuiaba"]
[Date "2015.08.02"]
[Round "5"]
[White "Montufar Berrios, Eymi Priscila"]
[Black "Jesus Filho, Jose Carlos"]
[Result "0-1"]
[WhiteElo "1637"]
[BlackElo "1957"]
[PlyCount "66"]
[EventDate "2015.07.31"]
[EventType "swiss"]
[EventRounds "6"]
[EventCountry "BRA"]
[SourceTitle "EXT 2016"]
[Source "ChessBase"]
[SourceDate "2015.10.08"]
[SourceVersion "1"]
[SourceVersionDate "2015.10.08"]
[SourceQuality "1"]

1. e4 e5 2. Nf3 d5 3. exd5 e4 4. Nd4 Qxd5 5. Nb3 Nf6 6. Nc3 Qd8 7. d4 Bd6 8. Be2 0-0 9. Bg5 Re8 10. 0-0 a5 11. Nd2 Bf5 12. Nc4 h6 13. Bh4 Nc6 14. Ne3 Nxd4 15. Ncd5 Nxe2+ 16. Qxe2 Bg6 17. Nxf6+ gxf6 18. Ng4 Re6 19. Nxh6+ Kg7 20. Ng4 Qh8 21. g3 Qh5 22. Rfe1 Qc5 23. Qd2 Rh8 24. Ne3 Rxh4 25. gxh4 Qe5 26. Ng4 Qh5 27. h3 Qxh4 28. Kg2 f5 29. Nh2 f4 30. Rh1 e3 31. Nf3 Be4 32. Qd4+ Kf8 33. Qxe4 Qxf2# 0-1

[Event "Rio de Janeiro Borensztajn op 3rd"]
[Site "Rio de Janeiro"]
[Date "2015.06.26"]
[Round "2"]
[White "Cifuentes Goncalves, Luiz Osvaldo"]
[Black "Jesus Filho, Jose Carlos"]
[Result "1-0"]
[WhiteElo "1665"]
[BlackElo "1957"]
[PlyCount "123"]
[EventDate "2015.06.25"]
[EventType "swiss"]
[EventRounds "7"]
[EventCountry "BRA"]
[SourceTitle "CBM 167 Extra"]
[Source "ChessBase"]
[SourceDate "2015.09.14"]
[SourceVersion "1"]
[SourceVersionDate "2015.09.14"]
[SourceQuality "1"]

1. e4 e5 2. Nf3 d5 3. exd5 e4 4. Ne5 Qe7 5. Nc4 f5 6. Qe2 Nf6 7. Nc3 f4 8. d3 Bg4 9. f3 exf3 10. Qxe7+ Bxe7 11. Bxf4 Na6 12. d6 cxd6 13. Bxd6 Nb4 14. Kd2 Nfd5 15. Bxe7 Kxe7 16. Re1+ Kd7 17. gxf3 Be6 18. Ne5+ Kd8 19. a3 Nxc3 20. axb4 Nd5 21. b5 Rf8 22. Rg1 g6 23. Nxg6 Rf6 24. Ne5 Rc8 25. Rg7 Rc7 26. Rxc7 Kxc7 27. d4 Rh6 28. Re2 Nf4 29. Rf2 Bf5 30. c4 Rh4 31. Ke3 Ne6 32. Rd2 Kd6 33. c5+ Kc7 34. Bc4 Ng7 35. b3 Bg6 36. Bd3 Bxd3 37. Kxd3 Ne6 38. Kc4 h6 39. Ng4 Ng5 40. Ne5 Rf4 41. Re2 h5 42. Re3 h4 43. Kd5 h3 44. b4 Rf8 45. b6+ axb6 46. cxb6+ Kd8 47. Rc3 Rf6 48. Kc5 Ne6+ 49. Kd5 Nf8 50. f4 Rxb6 51. Rxh3 Ne6 52. Rh8+ Ke7 53. Rh7+ Ke8 54. f5 Ng5 55. Rg7 Nh3 56. Kc5 Rf6 57. Rxb7 Rxf5 58. Rh7 Ng5 59. Rh6 Nf7 60. Re6+ Kd8 61. Kc6 Ng5 62. Rg6 1-0

[Event "Maringa op 3rd"]
[Site "Maringa"]
[Date "2013.07.27"]
[Round "7"]
[White "Jesus Filho, Jose Carlos"]
[Black "Barata, Adriano Albiani"]
[Result "0-1"]
[WhiteElo "1975"]
[BlackElo "2170"]
[PlyCount "98"]
[EventDate "2013.07.24"]
[EventType "swiss"]
[EventRounds "8"]
[EventCountry "BRA"]
[SourceTitle "CBM 155 Extra"]
[Source "ChessBase"]
[SourceDate "2013.08.26"]
[SourceVersion "1"]
[SourceVersionDate "2013.08.26"]
[SourceQuality "1"]

1. e4 c5 2. Nf3 Nc6 3. Bc4 e6 4. c3 d5 5. exd5 exd5 6. Be2 Nf6 7. 0-0 Be7 8. d4 c4 9. Bg5 h6 10. Be3 Bf5 11. Nbd2 0-0 12. Re1 Bd6 13. Nf1 Re8 14. Ng3 Bh7 15. b3 b5 16. a4 a6 17. b4 Ne4 18. Nxe4 dxe4 19. Nd2 f5 20. Nxc4 bxc4 21. Bxc4+ Kh8 22. Qe2 Nb8 23. Qh5 Nd7 24. Qe2 f4 25. Bd2 a5 26. Bd5 Rb8 27. b5 f3 28. gxf3 Qh4 29. f4 Nf6 30. Bc4 Rbc8 31. f3 exf3 32. Qxf3 Ne4 33. Be3 Rxc4 34. Bf2 Qd8 35. Re3 Nxf2 36. Qxf2 Rxe3 37. Qxe3 Qc8 38. Re1 Qg4+ 39. Qg3 Qxg3+ 40. hxg3 Rxc3 41. Kf2 Rd3 42. Re8+ Bg8 43. Ra8 Rxd4 44. Rxa5 Bc5 45. Kf3 Bd5+ 46. Kg4 Kh7 47. Kf5 Bb7 48. b6 Bxb6 49. Rb5 Rd5+ 0-1

[Event "Cuiaba Contaud op"]
[Site "Cuiaba"]
[Date "2012.10.28"]
[Round "5"]
[White "Stivanelli, Leonardo Alexandre"]
[Black "Jesus Filho, Jose Carlos"]
[Result "1-0"]
[WhiteElo "1855"]
[BlackElo "1992"]
[PlyCount "139"]
[EventDate "2012.10.26"]
[EventType "swiss"]
[EventRounds "6"]
[EventCountry "BRA"]
[SourceTitle "EXT 2013"]
[Source "ChessBase"]
[SourceDate "2012.11.22"]
[SourceVersion "1"]
[SourceVersionDate "2012.11.22"]
[SourceQuality "1"]

1. e4 e5 2. Nf3 d5 3. Nxe5 Bd6 4. d4 dxe4 5. Nc3 Bxe5 6. dxe5 Qxd1+ 7. Kxd1 Bf5 8. Bc4 Nc6 9. Bf4 h6 10. Kc1 g5 11. Bg3 Nd4 12. Nd5 0-0-0 13. Ne3 Be6 14. b3 h5 15. h3 h4 16. Bh2 c6 17. Re1 b5 18. Bxe6+ fxe6 19. c3 Nf5 20. Ng4 Nge7 21. Kc2 Rd3 22. Nf6 Rhd8 23. Nxe4 Kc7 24. Rad1 Rxd1 25. Rxd1 Nd5 26. Kc1 Rg8 27. f3 Nfe3 28. Rg1 Nf4 29. Bxf4 gxf4 30. Nc5 Rg6 31. Kd2 Kd8 32. Ke2 Ke7 33. Kf2 Rg5 34. Nd3 Nd5 35. c4 bxc4 36. bxc4 Ne3 37. Nxf4 Nxc4 38. Rc1 Nxe5 39. Ke3 c5 40. Ke4 Nd7 41. Rc2 Re5+ 42. Kd3 Kf6 43. Rb2 Nb6 44. Re2 Nd5 45. Rxe5 Kxe5 46. Ng6+ Kd6 47. Nxh4 Nb4+ 48. Kc4 Nxa2 49. f4 Nb4 50. Nf3 Nc6 51. h4 Ne7 52. h5 Nf5 53. Ne1 Nh6 54. Nd3 Nf5 55. Ne5 Ne3+ 56. Kc3 Nxg2 57. Ng6 Ne3 58. h6 Nd5+ 59. Kc4 Nf6 60. Ne5 Ke7 61. Kxc5 Kf8 62. Kd6 a5 63. Kxe6 Nh5 64. Kf5 Kg8 65. Kg5 Nxf4 66. Kxf4 Kh7 67. Kg5 a4 68. Nc4 Kh8 69. Kg6 Kg8 70. Ne5 1-0

[Event "Cuiaba Contaud op"]
[Site "Cuiaba"]
[Date "2012.10.27"]
[Round "4"]
[White "Jesus Filho, Jose Carlos"]
[Black "Moreno, Leonardo Nunes"]
[Result "1-0"]
[WhiteElo "1992"]
[BlackElo "1770"]
[PlyCount "55"]
[EventDate "2012.10.26"]
[EventType "swiss"]
[EventRounds "6"]
[EventCountry "BRA"]
[SourceTitle "EXT 2013"]
[Source "ChessBase"]
[SourceDate "2012.11.22"]
[SourceVersion "1"]
[SourceVersionDate "2012.11.22"]
[SourceQuality "1"]

1. e4 e5 2. Nf3 Nf6 3. Bc4 Nxe4 4. d3 Nd6 5. Bb3 Nc6 6. 0-0 Be7 7. Re1 0-0 8. Nc3 Bf6 9. a3 b6 10. Nd5 Bb7 11. Ba2 Nf5 12. c3 d6 13. g4 Nh4 14. b4 Ng6 15. g5 Be7 16. h4 Qd7 17. Kh2 Nd8 18. h5 Nh8 19. Rg1 c6 20. Nxe7+ Qxe7 21. g6 hxg6 22. hxg6 c5 23. Ng5 Nxg6 24. Qh5 Re8 25. Qxg6 Qf6 26. Qxf6 gxf6 27. Nxf7+ Kf8 28. Nxd6 1-0

[Event "Teresina-ch"]
[Site "Teresina"]
[Date "2012.09.30"]
[Round "5"]
[White "Lima Filho, Jose Pacifico"]
[Black "Jesus Filho, Jose Carlos"]
[Result "1-0"]
[WhiteElo "1867"]
[BlackElo "192"]
[PlyCount "37"]
[EventDate "2012.09.21"]
[EventType "swiss"]
[EventRounds "5"]
[EventCountry "BRA"]
[SourceTitle "EXT 2022"]
[Source "ChessBase"]
[SourceDate "2021.10.06"]
[SourceVersion "1"]
[SourceVersionDate "2021.10.06"]
[SourceQuality "1"]

1. c4 e5 2. Nc3 f5 3. g3 Nf6 4. Bg2 Bc5 5. e3 0-0 6. Nge2 c6 7. d4 exd4 8. exd4 Bb4 9. 0-0 Bxc3 10. Nxc3 d5 11. cxd5 cxd5 12. Bg5 Qd6 13. Bxf6 Rxf6 14. Bxd5+ Kh8 15. Re1 Nd7 16. Re8+ Nf8 17. Qf3 Qd7 18. Rae1 a6 19. Qf4 1-0

[Event "Maravilhosa op 3rd"]
[Site "Laranjeiras"]
[Date "2012.07.14"]
[Round "3"]
[White "Jesus Filho, Jose Carlos"]
[Black "Rego, Vinicius Vilela"]
[Result "1/2-1/2"]
[WhiteElo "2009"]
[BlackElo "2269"]
[PlyCount "90"]
[EventDate "2012.07.13"]
[EventType "swiss"]
[EventRounds "6"]
[EventCountry "BRA"]
[SourceTitle "CBM 149 Extra"]
[Source "ChessBase"]
[SourceDate "2012.08.24"]
[SourceVersion "1"]
[SourceVersionDate "2012.08.24"]
[SourceQuality "1"]

1. e4 c5 2. Nf3 d6 3. c3 Nf6 4. Bc4 Nc6 5. d3 a6 6. 0-0 Bg4 7. Bg5 e6 8. Nbd2 Be7 9. h3 Bh5 10. g4 Bg6 11. Qe2 h5 12. Nh4 Bh7 13. f4 hxg4 14. hxg4 d5 15. exd5 Nxd5 16. Bxe7 Qxe7 17. Ng2 0-0-0 18. Ne4 Nb6 19. Rad1 Nxc4 20. dxc4 Bxe4 21. Qxe4 Rd6 22. f5 e5 23. Rd5 Rdh6 24. Rfd1 Rh1+ 25. Kf2 Rxd1 26. Rxd1 Rd8 27. Rd5 Qc7 28. Ne1 f6 29. Nd3 b6 30. b4 cxb4 31. cxb4 Nd4 32. c5 Kb8 33. Rxd8+ Qxd8 34. cxb6 Qxb6 35. Nc5 Ka7 36. a3 Nb3 37. Qc4 Nxc5 38. bxc5 Qb2+ 39. Ke1 Qb1+ 40. Kd2 Qb2+ 41. Ke1 Qb1+ 42. Kd2 Qb5 43. Qf7+ Qb7 44. Qc4 Qc6 45. a4 Qg2+ 1/2-1/2